Trhový prieskum výskytu vybraných UV filtrov v kozmetických výrobkoch.

Enregistré dans:
Détails bibliographiques
Auteur principal: Šmatláková, Radka (Auteur)
Autres auteurs: Peráčková, Zuzana (Directeur de thèse)
Format: Manuscrit Livre
Langue:slovaque
Publié: 2015
Sujets:
Accès en ligne:http://is.stuba.sk/zp/portal_zp.pl?podrobnosti=105111
Tags: Ajouter un tag
Pas de tags, Soyez le premier à ajouter un tag!

MARC

LEADER 00000ntm a22000003a 4500
001 stuzp52515
003 SK-STU
005 20160719154208.9
007 ta
008 150427s2015----xo-----f-mn---000-0-slo-d
040 |a STU  |b slo 
041 0 |a slo 
100 1 |a Šmatláková, Radka  |u 044250  |4 aut  |U FCHPT Ústav biotechnológie a potravinárstva  |T FCHPT Oddelenie potravinárskej technológie  |X 60564  |U C4250  |Y 115  |7 60564 
242 0 1 |a The market research of the occurrence of selected UV filters in cosmetic products  |y eng 
245 1 0 |a Trhový prieskum výskytu vybraných UV filtrov v kozmetických výrobkoch. 
260 |c 2015 
650 4 |a fotoprotektívne prípravky  |2 slo 
650 4 |a UV žiarenie  |2 slo 
650 4 |a zdravotné riziko  |2 slo 
650 4 |a prieskum trhu  |2 slo 
650 4 |a UV filter  |2 slo 
650 4 |a UV filter  |2 eng 
650 4 |a photoprotective cosmetic products  |2 eng 
650 4 |a UV radiation  |2 eng 
650 4 |a health risk  |2 eng 
650 4 |a market research  |2 eng 
700 1 |a Peráčková, Zuzana  |4 ths  |X 40391  |7 A000040391 
856 4 |u http://is.stuba.sk/zp/portal_zp.pl?podrobnosti=105111 
SQL |a stuzp52515  |b DBP  |c SLO  |d Trhový prieskum výskytu vybraných UV filtrov v kozmetických výrobkoch.  |e 60564  |f Šmatláková, Radka  |g 044250  |h 40391  |i Peráčková, Zuzana  |j 20150716  |k 520  |l 04  |m http://is.stuba.sk/zp/portal_zp.pl?podrobnosti=105111  |n B-oVYKOZ  |o 5.2.24. potravinárstvo